Score 0/12 Timer 02:00
0 Plays Today
Question Answer Wrong Answers
New York Northeast
97.6%
Northwest
0.3%
Southwest
0.2%
Southeast
0.3%
New Orleans Southeast
95.8%
Northwest
0.6%
Northeast
0.8%
Southwest
0.9%
Nashville Southeast
95.3%
Northwest
0.6%
Northeast
1.3%
Southwest
1%
New Haven Northeast
94.9%
Northwest
1.1%
Southwest
0.8%
Southeast
1%
North Ogden Northwest
76%
Northeast
14%
Southwest
3.6%
Southeast
3.9%
Napa Northwest
71.9%
Northeast
1.3%
Southwest
19.6%
Southeast
5.3%
Nogales Southwest
70.6%
Northwest
11%
Northeast
5.6%
Southeast
10.3%
Norman Southwest
60.3%
Northwest
15.8%
Northeast
12.4%
Southeast
8.9%
Naperville Northeast
57.3%
Northwest
11.2%
Southwest
8.2%
Southeast
20.9%
North Las Vegas Southwest
54.1%
Northwest
43.7%
Northeast
0.3%
Southeast
0.3%
Norfolk Southeast
44.7%
Northwest
2.5%
Northeast
50.2%
Southwest
0.7%
Nampa Northwest
35.8%
Northeast
6.6%
Southwest
13.7%
Southeast
41.5%

Today's Daily Dose

Remove Ads.
Support Sporcle.
Get the best of Sporcle when you Go Orange. This ad-free experience offers more features, more stats, and more fun while also helping to support Sporcle. Thank you for becoming a member.

You're not logged in!

Compare scores with friends on all Sporcle quizzes.
OR
Log In

Show Comments

Extras

Top Quizzes Today


Score Distribution

Your Account Isn't Verified!

In order to create a playlist on Sporcle, you need to verify the email address you used during registration. Go to your Sporcle Settings to finish the process.

Report this User

Report this user for behavior that violates our Community Guidelines.

Details: